Использование системы "МАУТ" для магнитной обработки парафинистых нефтей; Добыча, подготовка, транспорт нефти и газа

Xehetasun bibliografikoak
Parent link:Добыча, подготовка, транспорт нефти и газа.— 2010.— С. 139-143
Beste egile batzuk: Лоскутова Ю. В., Макушин Е. В., Калистратов В. А., Любецкий Л. Л., Бешагина Е. В. Евгения Владимировна, Юдина Н. В.
Hizkuntza:errusiera
Argitaratua: 2010
Gaiak:
Formatua: Liburu kapitulua
KOHA link:https://koha.lib.tpu.ru/cgi-bin/koha/opac-detail.pl?biblionumber=328746

MARC

LEADER 00000naa2a2200000 4500
001 328746
005 20260202140056.0
035 |a (RuTPU)RU\TPU\book\354446 
035 |a RU\TPU\book\324005 
090 |a 328746 
100 |a 20170221d2010 k y0rusy50 ca 
101 0 |a rus 
102 |a RU 
200 1 |a Использование системы "МАУТ" для магнитной обработки парафинистых нефтей  |f Ю. В. Лоскутова [и др.] 
320 |a Библиогр.: с. 143 (6 назв.) 
463 0 |0 (RuTPU)RU\TPU\book\245911  |y 978-5-94458-113-6  |t Добыча, подготовка, транспорт нефти и газа  |o материалы V Всероссийской научно-практической конференции, Томск, 21-24 сентября 2010 г.  |f Российская академия наук (РАН), Сибирское отделение (СО) , Институт химии нефти (ИХН) ; отв. ред. В. А. Кувшинов  |v С. 139-143  |d 2010 
610 1 |a труды учёных ТПУ 
610 1 |a парафинистые нефти 
610 1 |a магнитная обработка 
701 1 |a Лоскутова  |b Ю. В. 
701 1 |a Макушин  |b Е. В. 
701 1 |a Калистратов  |b В. А. 
701 1 |a Любецкий  |b Л. Л. 
701 1 |a Бешагина  |b Е. В.  |c химик-технолог  |c доцент Томского политехнического университета, кандидат химических наук  |f 1983-  |g Евгения Владимировна  |3 (RuTPU)RU\TPU\pers\25265  |9 11298 
701 1 |a Юдина  |b Н. В. 
801 1 |a RU  |b 63413507  |c 20100315 
801 2 |a RU  |b 63413507  |c 20170221  |g RCR 
942 |c BK